00504 2200193 4500001002100000005001500021035002000036008004100056245004200097100002100139260003000160300002700190020001500217084001700232082001100249650002200260990001400282990001400296INLIS00000000000003820260413034019 a0010-0317000036260413 0 1 a212 tip menguasai adobe photoshop 7.0 aMulyanta, Edi S. aYogyakarta :bAndi,c2002 axii, 261 hlm. ;c23 cm a9795338625 a006.69 Mul d a006.69 acomputer graphics a300029103 a028903211